| 000 | 00608nam a2200193Ii 4500 | ||
|---|---|---|---|
| 003 | JO-AjNU | ||
| 008 | 230605s9999||||xx |||||||||||||| ||und|| | ||
| 040 |
_aJO-AjNU _bara _erda _cJO-AjNU |
||
| 041 | _aara | ||
| 050 | 1 | 4 | _aPN4500.Q82 |
| 100 | 3 |
_aقعوار، فخري, _eauthor _924835 |
|
| 245 | 0 | 0 | _aالتطور الثقافي |
| 264 | 3 | 1 | _aد.م: دار اليراع، د.ت |
| 300 | _a249ص | ||
| 336 |
_atext _btxt _2rdacontent |
||
| 337 |
_aunmediated _bn _2rdamedia |
||
| 338 |
_avolume _bnc _2rdacarrier |
||
| 650 | 4 |
_aالادب العربي - القرن 20 - الاردن - مقالات _924836 |
|
| 999 |
_aA9209 _c12777 _d12777 |
||